Аудит в организациях промышленности, торговли и АПК

Λεπτομέρειες βιβλιογραφικής εγγραφής
Κύριος συγγραφέας: Алборов Р. А. Ролан Архипович
Γλώσσα:Ρωσικά
Έκδοση: Москва, Дело и Сервис, 1998
Θέματα:
Μορφή: Βιβλίο
KOHA link:https://koha.lib.tpu.ru/cgi-bin/koha/opac-detail.pl?biblionumber=8751

MARC

LEADER 00000nam0a2200000 4500
001 8751
005 20231030182010.0
010 |a 5801800085 
035 |a (RuTPU)RU\TPU\book\8800 
035 |a BOOK00008860 
090 |a 8751 
100 |a 20011209d1998 m y0rusy50 ca 
101 0 |a rus 
102 |a RU 
105 |a y j 000zy 
200 1 |a Аудит в организациях промышленности, торговли и АПК  |f Р. А. Алборов 
210 |a Москва  |c Дело и Сервис  |d 1998 
215 |a 464 с. 
610 1 |a бухгалтерский учет 
610 1 |a аудит 
610 1 |a промышленные предприятия 
610 1 |a торговля 
610 1 |a АПК 
610 1 |a агропромышленный комплекс 
610 1 |a учебные пособия 
610 1 |a финансовый контроль 
675 |a 657.6(075.8)  |v 3 
700 1 |a Алборов  |b Р. А.  |g Ролан Архипович 
801 0 |a RU  |b 63413507  |c 20011209  |g PSBO 
801 2 |a RU  |b 63413507  |c 20170831  |g PSBO 
942 |c BK